Normal view MARC view
  • Emerson, Andrea

Entry Nombre Personal

Number of records used in: 1

001 - NUMERO DE CONTROL

  • campo de control: 51360

003 - IDENTIFICADOR DE NUMERO DE CONTROL

  • campo de control: MX-MxUPN

005 - FECHA Y HORA DE LA ÜLTIMA TRANSACCIÓN

  • campo de control: 20240314142246.0

008 - DATOS DE LONGITUD FIJA

  • campo de control de longitud fija: 240314nn acnnnaabn n aaa d

040 ## - FUENTE DE CATALOGACIÓN

  • Agencia original de catalogación: MX-MxUPN
  • Lenguaje de catalogación: spa

100 1# - ENCABEZAMIENTO - NOMBRE PERSONAL

  • Nombre personal: Emerson, Andrea

670 ## - FUENTE EN LA QUE SE LOCALIZARON DATOS

  • Cita de la fuente: Muchas clases de aves, 2004 :
  • Información localizada: portada (Andrea Emerson)

902 ## - CATALOGADOR

  • Catalogador: VíctorGodínez/140324